| 000 | 01019nam a2200205 4500 | ||
|---|---|---|---|
| 003 | LK-CoMWRAF | ||
| 005 | 20240103144740.0 | ||
| 008 | 231217b |||||||| |||| 00| 0 eng d | ||
| 020 | _a9559261126 | ||
| 040 |
_aLK-CoMWRAF _dLK-CoMWRAF _eLK-CoMWRAF |
||
| 041 | _asin | ||
| 082 |
_a305.3 _bTIR |
||
| 100 | _aතිරුචන්ද්රන්, සෙල්ව් | ||
| 245 | _aස්ත්රී පුරුෂ සමාජභාවීය බලගම්යතා සහ පශ්චාත් විජිතමය ශ්රී ලංකාවේ ස්ත්රී සමාජ නියෝජනය | ||
| 246 | _aSthri pururusha samajabhaviya balagamyatha saha pascath vijithamaya Sri Lankave sthri samaja niyojanaya | ||
| 260 |
_aකොළඹ : _bකාන්තා අධ්යාපන හා පර්යේෂණ කේන්ද්රය, _c1998. |
||
| 300 | _a පි. xvii,83 ; සෙමී. 21 | ||
| 650 | _aස්ත්රී පුරුෂ භාවය | ||
| 942 | _cBK | ||
| 999 |
_c4500 _d4500 |
||